000
00301nam a22001217a 4500
008
180806b xxu||||| |||| 00| 0 eng d
082
_a
813.52
245
_a
Earth and Environmental Sciences Digitized Videos
_c
Hill,M.G
260
_c
2006
300
_a
1
_f
CD
440
_x
0073525413
942
_2
ddc
_c
MX
999
_c
46795
_d
46795